000 00691nam a2200217Ii 4500
003 JO-AjNU
008 230605s9999||||xx |||||||||||||| ||und||
017 _a1980/3970
040 _aJO-AjNU
_bara
_erda
_cJO-AjNU
041 _aara
050 1 4 _aDS99.J3.M87 1980
100 3 _aتاليف مصطفى، خليل,
_eauthor
_941245
245 0 0 _aسقوط الجولان
250 _aط2
264 3 1 _aالقاهرة: دار الاعتصام، 1980
300 _a319ص
336 _atext
_btxt
_2rdacontent
337 _aunmediated
_bn
_2rdamedia
338 _avolume
_bnc
_2rdacarrier
650 4 _aالجولان(سوريا)- تاريخ- الاحتلال الاسرائيلي 1967
_941246
999 _aA17569
_c21137
_d21137